Electronics Of Principles (Record no. 296091)

MARC details
000 -LEADER
fixed length control field 00359nam a2200157Ia 4500
008 - FIXED-LENGTH DATA ELEMENTS--GENERAL INFORMATION
fixed length control field 230718s9999 xx 000 0 und d
041 ## - LANGUAGE CODE
Language code of text/sound track or separate title eng
082 ## - DEWEY DECIMAL CLASSIFICATION NUMBER
Classification number 621.381
Item number MEH
100 ## - MAIN ENTRY--PERSONAL NAME
Personal name Mehta V.K.
245 ## - TITLE STATEMENT
Title Electronics Of Principles
260 ## - PUBLICATION, DISTRIBUTION, ETC. (IMPRINT)
Date of publication, distribution, etc. 1988
Name of publisher, distributor, etc. S. Chand And Company
300 ## - PHYSICAL DESCRIPTION
Extent 507
365 ## - TRADE PRICE
Currency code Rs.
700 ## - ADDED ENTRY--PERSONAL NAME
Personal name Mehta V.K.
906 ## - LOCAL DATA ELEMENT F, LDF (RLIN)
c ETC
Holdings
Withdrawn status Lost status Damaged status Not for loan Home library Current library Date acquired Vendor Budget Code Full call number Barcode Date last seen Bill Date Koha item type Original Barcode
Withdrawn       Cummins College of Engineering for Women Pune Cummins College of Engineering for Women Pune 02/07/1997 Masurkar Enterprises ETC 621.381 CCEP-BK-7297 18/07/2023 18/07/2023 Books 007297